书目信息 |
| 题名: |
材料力学
|
|
| 作者: | 王正中 , 李平 主编 | |
| 分册: | ||
| 出版信息: | 北京 中国农业大学出版社 2008.02 |
|
| 页数: | 250页 | |
| 开本: | 26cm | |
| 丛书名: | ||
| 单 册: | ||
| 中图分类: | TB301 | |
| 科图分类: | ||
| 主题词: | 材料力学--cai liao li xue--高等学校--教材 | |
| 电子资源: | ||
| ISBN: | 978-7-81117-262-1 | |
| 000 | 00917nam0 2200265 450 | |
| 001 | 012008016057 | |
| 005 | 20080606085401.81 | |
| 010 | @a978-7-81117-262-1@dCNY25.00 | |
| 100 | @a20080605d2008 em y0chiy0120 ea | |
| 101 | 0 | @achi |
| 102 | @aCN@b110000 | |
| 105 | @aak a 000yy | |
| 106 | @ar | |
| 200 | 1 | @a材料力学@Acai liao li xue@f王正中, 李平主编@Fwang zheng zhong,li ping zhu bian |
| 210 | @a北京@c中国农业大学出版社@d2008.02 | |
| 215 | @a250页@c图@d26cm | |
| 300 | @a普通高等教育“十一五”精品课程建设教材 | |
| 320 | @a有书目 (第239页) | |
| 330 | @a本书共分十二章,内容包括绪论;知识准备;杆件的内力分析;杆件横截面上的正应力分析;杆件横截面上的切应力;变形计算;压杆稳定等。 | |
| 606 | 0 | @a材料力学@Acai liao li xue@x高等学校@j教材 |
| 690 | @aTB301@v4 | |
| 701 | 0 | @a王正中@Awang zheng zhong@4主编 |
| 701 | 0 | @a李平@Ali ping@4主编 |
| 801 | 0 | @aCN@bQSSK@c20080606 |
| 905 | @b724991-93@dTB301@eW469@f3 | |
| 材料力学/王正中, 李平主编.-北京:中国农业大学出版社,2008.02 |
| 250页:图;26cm |
| 普通高等教育“十一五”精品课程建设教材 |
| ISBN 978-7-81117-262-1:CNY25.00 |
| 本书共分十二章,内容包括绪论;知识准备;杆件的内力分析;杆件横截面上的正应力分析;杆件横截面上的切应力;变形计算;压杆稳定等。 |
| ● |
| 相关链接 |
|
|
|
正题名:材料力学
索取号:TB301/W469
 
预约/预借
| 序号 | 登录号 | 条形码 | 馆藏地/架位号 | 状态 | 备注 |
| 1 | 724991 | 207249912 | 自科库501/501自科库 11排2列4层/ [索取号:TB301/W469] | 在馆 | |
| 2 | 724992 | 207249921 | 期刊室512/501自科库 11排2列4层/ [索取号:TB301/W469] | 在馆 | |
| 3 | 724993 | 207249930 | 自科库501/501自科库 11排2列4层/ [索取号:TB301/W469] | 在馆 |